Análisis económico-financiero (Registro nro. 1855)

Detalles MARC
000 -LEADER
fixed length control field 01055 a2200229 4500
001 - CONTROL NUMBER
control field 29393
005 - DATE AND TIME OF LATEST TRANSACTION
control field 20260407155603.0
008 - FIXED-LENGTH DATA ELEMENTS--GENERAL INFORMATION
fixed length control field 260407a2000 arg spa d
003 - CONTROL NUMBER IDENTIFIER
control field AR-UNSa-BCEJYS
040 ## - CATALOGING SOURCE
Original cataloging agency AR-UNSa-BCEJYS
Language of cataloging spa
Transcribing agency AR-UNSa-BCEJYS
080 ## - UNIVERSAL DECIMAL CLASSIFICATION NUMBER
Universal Decimal Classification number 657.3
Common auxiliary subdivision Presupuestos. Cierre de Cuentas. Balances (Estados Contables)
020 ## - INTERNATIONAL STANDARD BOOK NUMBER
International Standard Book Number 978-84-8088-538-6
041 ## - LANGUAGE CODE
Language code of text/sound track or separate title spa
100 1# - MAIN ENTRY--PERSONAL NAME
Personal name Amat, Oriol
245 10 - TITLE STATEMENT
Title Análisis económico-financiero
250 ## - EDITION STATEMENT
Edition statement 17a. ed.
264 #1 - PRODUCTION, PUBLICATION, DISTRIBUTION, MANUFACTURE, AND COPYRIGHT NOTICE
Place of production, publication, distribution, manufacture Barcelona :
Name of producer, publisher, distributor, manufacturer Gestión 2000
Date of production, publication, distribution, manufacture, or copyright notice 2000
300 ## - PHYSICAL DESCRIPTION
Extent 170 p.
Dimensions 23 cm.
505 ## - FORMATTED CONTENTS NOTE
Formatted contents note 1. Introducción al análisis económico-Financiero - 2. Estados financieros - 3. Análisis del balance de situación (I): Introducción - 4. Análisis del balance de situación (II): Los ratios - 5. Análisis de la cuenta de pérdidas y ganancias - 6. Rentabilidad, autofinanciación y crecimiento - 7. Análisis del fondo de maniobra - 8. Análisis con datos sectoriales - 9. Análisis integral de estados financieros
590 ## - LOCAL NOTE (RLIN)
Local note niveau_biblio:m niveau_hierar:0
942 ## - ADDED ENTRY ELEMENTS (KOHA)
Koha item type
Existencias
Withdrawn status Lost status Damaged status Not for loan Home library Current library Shelving location Date acquired Total checkouts Full call number Barcode Date last seen Price effective from Koha item type
        Biblioteca Prof. Eusebio Cleto del Rey Biblioteca Prof. Eusebio Cleto del Rey   07/04/2026   657.3 A487 17ed. L86631 07/04/2026 07/04/2026 Libro